000 00439nam a2200157 i 4500
001 bg
100 1 _aSILLESCU, Daniel
245 0 _aWordPerfect 6.0 /
_cDaniel Sillescu ; z niem. przeł. Jarosław Cichorski.
260 _aWarszawa :
_bWydawnictwa Naukowo-Techniczne,
_c1993.
300 _a174 s. ;
_c21 cm.
040 _cBPK
041 _apol
080 _a655.1/.3:681.322.06
942 _cKS
008 s pl f |000 0 pol
999 _c6491
_d6491
856 _uhttp://koha.tu.koszalin.pl/cgi-bin/koha/opac-detail.pl?biblionumber=6491
_yKatalog online BPK